Countries in Asia - Sudden Death - Statistics

General Stats
  • This quiz has been taken 50 times
  • The average score is 19 of 27
Answers on the Grid
Answers color-coded by a green-red scale on the quiz's grid according to % correct below.
Vietnam
Japan
Fiji
China
Tunisia
Kuwait
Comoros
UAE
Tonga
Sri Lanka
Australia
Sudan
Thailand
Guyana
India
Djibouti
Taiwan
Benin
Singapore
Nauru
Nepal
Lebanon
Libya
North Korea
Somalia
Bangladesh
Palau
Cambodia
Morocco
Oman
Madagascar
Mauritius
Mongolia
New Zealand
Israel
Malta
South Korea
Samoa
Maldives
Iran
Bhutan
Papua New Guinea
Italy
Laos
Brunei
Hungary
Iraq
Ukraine
Syria
Afghanistan
 
Answer Stats
Answer % Correct
Japan
100%
Vietnam
94%
China
88%
Sri Lanka
82%
UAE
79%
Thailand
76%
Singapore
70%
South Korea
70%
Taiwan
70%
Bangladesh
67%
Cambodia
67%
India
67%
Iran
67%
Nepal
67%
North Korea
67%
Afghanistan
64%
Bhutan
64%
Brunei
64%
Iraq
64%
Kuwait
64%
Mongolia
64%
Syria
64%
Israel
61%
Laos
61%
Lebanon
61%
Oman
61%
Maldives
45%
No matching quizzes found
Score Distribution
Percent of People with Each Score
Percentile by Number Answered
Your Score History
You have not taken this quiz